লোডিং...

Vocabulary of science,

গ্রন্থ-পঞ্জীর বিবরন
প্রধান লেখক: Hogben, Lancelot Thomas
অন্যান্য লেখক: Cartwright, Maureen
বিন্যাস: Printed Book
ভাষা:English
প্রকাশিত: New York, Heinemann [1970, c1969]
বিষয়গুলি:
LEADER 00710cam a2200193 4500
008 700901t19701969nyu 000 0 eng
020 |a 0812812875 
080 |a 51(038)  |b HOG 
100 1 |a Hogben, Lancelot Thomas,  |9 3953 
245 1 4 |a Vocabulary of science,  |c by Lancelot Hogben, with the assistance of Maureen Cartwright. 
260 |a New York,  |b Heinemann  |c [1970, c1969] 
300 |a 184 p. 
650 0 |a Science  |x Language.  |9 3954 
650 0 |a Science  |x Terminology.  |9 3955 
700 1 |a Hogben, Lancelot Thomas,  |9 3956 
700 1 |a Cartwright, Maureen,  |9 3957 
942 |c BK  |6 _ 
999 |c 218372  |d 218372 
952 |0 0  |1 0  |4 0  |6 51038_HOG  |7 0  |9 282781  |a MAT  |b MAT  |d 2010-01-18  |o 51(038) HOG  |p MAT01762  |r 2010-01-18  |t 1  |w 2010-01-18  |y BK